|
|
|
|
| LEADER |
00000nam0a2200000 4500 |
| 001 |
320659 |
| 005 |
20231102003312.0 |
| 035 |
|
|
|a (RuTPU)RU\TPU\book\346190
|
| 090 |
|
|
|a 320659
|
| 100 |
|
|
|a 20160713d1939 m y0rusy50 ca
|
| 101 |
0 |
|
|a rus
|
| 102 |
|
|
|a RU
|
| 105 |
|
|
|a a z 001zy
|
| 200 |
1 |
|
|a Стили в мебели
|e с 242 иллюстрациями
|f Н. Н. Соболев
|g Всесоюзная академия архитектуры
|
| 210 |
|
|
|a Москва
|c Изд-во Всесоюзной академии архитектуры
|d 1939
|
| 215 |
|
|
|a 350 с.
|c ил.
|
| 320 |
|
|
|a Перечень иллюстраций: с. 338-349
|
| 606 |
1 |
|
|a Мебель художественная
|2 stltpush
|3 (RuTPU)RU\TPU\subj\41768
|9 61552
|
| 610 |
1 |
|
|a стили
|
| 610 |
1 |
|
|a египетская мебель
|
| 610 |
1 |
|
|a греческая мебель
|
| 610 |
1 |
|
|a древнеримская мебель
|
| 610 |
1 |
|
|a византийская мебель
|
| 610 |
1 |
|
|a готический стиль
|
| 610 |
1 |
|
|a романский стиль
|
| 610 |
1 |
|
|a Возрождение
|
| 610 |
1 |
|
|a 15 век
|
| 610 |
1 |
|
|a 16 век
|
| 610 |
1 |
|
|a Ренессанс
|
| 610 |
1 |
|
|a французская мебель
|
| 610 |
1 |
|
|a английская мебель
|
| 610 |
1 |
|
|a ампир
|
| 610 |
1 |
|
|a 18 век
|
| 610 |
1 |
|
|a бидермайер
|
| 610 |
1 |
|
|a рококо
|
| 610 |
1 |
|
|a классицизм
|
| 610 |
1 |
|
|a 19 век
|
| 610 |
1 |
|
|a Россия
|
| 610 |
1 |
|
|a павловская мебель
|
| 675 |
|
|
|a 749.1
|v 4
|
| 700 |
|
1 |
|a Соболев
|b Н. Н.
|
| 712 |
0 |
2 |
|a Всесоюзная академия архитектуры
|c (Москва)
|c (1933-1939)
|2 stltpush
|3 (RuTPU)RU\TPU\col\21136
|9 27909
|
| 801 |
|
1 |
|a RU
|b 63413507
|c 20160713
|
| 801 |
|
2 |
|a RU
|b 63413507
|c 20200729
|g RCR
|
| 942 |
|
|
|c BK
|